Dni ustawowo wolne od pracy w Polsce - Statystyki

Ogólne statystyki
  • Ten quiz został rozwiązany 3 417 razy
    675 od ostatniego zresetowania
  • Średni wynik to 11 z 14
Statystyki odpowiedzi
Święto % Poprawnych
25 grudnia- pierwszy dzień Bożego Narodzenia
95%
1 stycznia- Nowy Rok
94%
1 maja - Święto Państwowe
92%
3 maja - Święto Narodowe Trzeciego Maja
92%
6 stycznia - Święto Trzech Króli
89%
pierwszy dzień Wielkiej Nocy
89%
26 grudnia - drugi dzień Świąt Bożego Narodzenia
88%
11 listopada - Narodowe Święto Niepodległości
86%
1 listopada - Wszystkich Świętych
81%
24 grudnia - Wigilia Bożego Narodzenia
77%
drugi dzień Wielkiej Nocy
75%
dzień Bożego Ciała
74%
15 sierpnia - Wniebowzięcie Najświętszej Maryi Panny
71%
pierwszy dzień Zielonych Świątek
35%
Nie znaleziono quizów pasujących do podanych kryteriów
Rozkład punktacji
Procent ludzi z każdym wynikiem
Percentyl według liczby udzielonych odpowiedzi
Twoja historia wyników
Nie rozwiązałeś tego quizu od ostatniego zresetowania